| 000 | 00587nam a22002057a 4500 | ||
|---|---|---|---|
| 005 | 20170822154405.0 | ||
| 010 | _aENG-119975 | ||
| 020 |
_c675.00 _a9789381113806 |
||
| 035 | _aEN-103507 | ||
| 037 | _bDBAD/PUB | ||
| 082 | _a342.54 | ||
| 100 | _aAcharya, N.K | ||
| 245 |
_aSupreme court on constitution of Indian / _cby N.K Acharya |
||
| 250 | _a1st Edition | ||
| 260 |
_aHyderabad _bAsia Law House _c2012 |
||
| 270 |
_a1, ALH, Koti, _bHyderabad. |
||
| 300 |
_axivii, 816p. : _c22cm (Hb) _bill |
||
| 500 | _aInclude index | ||
| 942 |
_2ddc _cEN _h342.54 _mACH |
||
| 999 |
_c143666 _d143666 |
||